Tercer Estudio Regional Comparativo y explicativo (TERCE). Manual de Orientación para las Escuelas y Docentes (Record no. 10008)
[ view plain ]
| 000 -LEADER | |
|---|---|
| campo de control de longitud fija | 00618nam a2200145Ia 4500 |
| 001 - NÚMERO DE CONTROL | |
| campo de control | 2896 |
| 008 - DATOS DE LONGITUD FIJA--INFORMACIÓN GENERAL | |
| campo de control de longitud fija | 241024s9999 xx 000 0 und d |
| 082 ## - NÚMERO DE LA CLASIFICACIÓN DECIMAL DEWEY | |
| Número de clasificación | RD//370.7/R426t/2013 |
| 100 ## - ENTRADA PRINCIPAL--NOMBRE DE PERSONA | |
| Nombre de persona | República Dominicana. Ministerio de Educación.Dirección de Evaluación de Calidad |
| 245 #0 - MENCIÓN DEL TÍTULO | |
| Título | Tercer Estudio Regional Comparativo y explicativo (TERCE). Manual de Orientación para las Escuelas y Docentes |
| 260 ## - PUBLICACIÓN, DISTRIBUCIÓN, ETC. | |
| Nombre del editor, distribuidor, etc. | Dirección de Evaluación de la Calidad. Instituto Dominicano de Evaluación e Investigación de la Calidad Educativa (IDEICE) |
| Fecha de publicación, distribución, etc. | 2013 |
| 590 ## - NOTA LOCAL (RLIN) | |
| Nota local | si |
| 901 ## - ELEMENTOS DE DATOS A LOCAL LDA (RLIN) | |
| a | 13/6/2013 2:30:13 p.m. |
No items available.